Indiana Jones y los gigantes de la torre de plata / (Registro nro. 8644)

Detalles MARC
000 -LEADER
fixed length control field 00932nam a22002777a 4500
001 - CONTROL NUMBER
control field 00260
003 - CONTROL NUMBER IDENTIFIER
control field DO-SdBNP
005 - DATE AND TIME OF LATEST TRANSACTION
control field 20180126114053.0
008 - FIXED-LENGTH DATA ELEMENTS--GENERAL INFORMATION
fixed length control field 151111b 1989 sp ||||| |||| 00| 0 spa d
020 ## - INTERNATIONAL STANDARD BOOK NUMBER
International Standard Book Number 8431031735
040 ## - CATALOGING SOURCE
Original cataloging agency BPMSU
Language of cataloging spa
Transcribing agency BPMSU
041 17 - LANGUAGE CODE
Language code of text/sound track or separate title spa
Language code of original eng
092 ## - LOCALLY ASSIGNED DEWEY CALL NUMBER (OCLC)
Classification number xxxxx
Item number xxxxx
100 1# - MAIN ENTRY--PERSONAL NAME
Relator code Stine, R. L.,
Linkage 1943-
245 10 - TITLE STATEMENT
Title Indiana Jones y los gigantes de la torre de plata /
Statement of responsibility, etc. R. L. Stine ; illustrado por David B. Mattingly ; traducción de Consuelo González de Ortega.
260 ## - PUBLICATION, DISTRIBUTION, ETC. (IMPRINT)
Place of publication, distribution, etc. Barcelona :
Name of publisher, distributor, etc. Ediciones Toray,
Date of publication, distribution, etc. 1989.
300 ## - PHYSICAL DESCRIPTION
Extent 122 p.
Other physical details il. ;
Dimensions 18 cm.
490 1# - SERIES STATEMENT
Series statement Escoge tu propia aventura
Volume/sequential designation 3
534 ## - ORIGINAL VERSION NOTE
Main entry of original Indiana Jones and the giants of the silver tower.
700 12 - ADDED ENTRY--PERSONAL NAME
Personal name González de Ortega, Consuelo,
Relator term tr.
700 12 - ADDED ENTRY--PERSONAL NAME
Personal name Mattingly, David B.,
Relator term il.
830 #0 - SERIES ADDED ENTRY--UNIFORM TITLE
Uniform title Escoge tu propia aventura ;
Number of part/section of a work 3
942 ## - ADDED ENTRY ELEMENTS (KOHA)
Source of classification or shelving scheme Dewey Decimal Classification
Koha item type Libros
945 ## - LOCAL PROCESSING INFORMATION (OCLC)
a Inventariado, 2018 /LP
956 ## - LOCAL ELECTRONIC LOCATION AND ACCESS (OCLC)
Host name LOPEREZ
Access number 10
Existencias
Withdrawn status Lost status Source of classification or shelving scheme Damaged status Not for loan Collection code Home library Current library Date acquired Source of acquisition Total Checkouts Barcode Date last seen Price effective from Koha item type
    Dewey Decimal Classification     Colección General Biblioteca Pública Metropolitana Salomé Ureña Biblioteca Pública Metropolitana Salomé Ureña 11/11/2015 FUNDI   BPMSU15110195 11/11/2015 11/11/2015 Libros